|
|
|
|
| LEADER |
00880cam a2200265 7i4500 |
| 001 |
0000036396 |
| 005 |
20200716090000.0 |
| 007 |
##ta |
| 008 |
200716t20202020dcu b 000 0 eng d |
| 020 |
# |
# |
|a 9781464814693
|
| 040 |
# |
# |
|a MATR
|
| 090 |
0 |
0 |
|a I 330.91724
|b GLO
|
| 245 |
0 |
0 |
|a Global Economic Prospects, January 2020 :
|b Slow Growth, Policy Challenges.
|
| 264 |
# |
1 |
|a Washington, D. C.:
|b World Bank Publications,
|c 2020.
|
| 264 |
# |
4 |
|a ♭2020.
|
| 300 |
# |
# |
|a xx, 309 pages:
|b illustrations;
|c 28 cm.
|
| 336 |
# |
# |
|a text
|2 rdacontent
|
| 337 |
# |
# |
|a unmediated
|2 rdamedia
|
| 338 |
# |
# |
|a volume
|2 rdacarrier
|
| 504 |
# |
# |
|a Includes bibliographical references
|
| 650 |
# |
0 |
|a Economic forecasting --
|z Developing countries
|
| 650 |
# |
0 |
|a Economic forecasting
|
| 650 |
# |
0 |
|a Economic indicators
|
| 710 |
2 |
# |
|a World Bank
|
| 999 |
|
|
|a 0000041027
|b Book
|c International
|e Business Information Centre
|